| 000 | 004510000a22001810004500 | ||
|---|---|---|---|
| 003 | MACL | ||
| 005 | 20151001150741.0 | ||
| 008 | 151001b xxu||||| |||| 00| 0 eng d | ||
| 040 |
_aMACL _cMACL |
||
| 041 | _aEnglish | ||
| 082 | _a900/DON | ||
| 100 |
_aDonald, Leland _913056 |
||
| 245 | _aThemes in Ethnology and Culture History | ||
| 260 |
_bArchana Publications _c1991 _aDelhi |
||
| 350 | _a400 | ||
| 650 |
_aHistory _913057 |
||
| 942 |
_cBK _k900 _2ddc |
||
| 999 |
_c3861 _d3861 |
||